Central Library OPAC University of Rajshahi

The Growth of Muslim politics in India, 1900-1919 / (Record no. 36169)

MARC details
000 -LEADER
fixed length control field 00841cam a2200265 a 4500
001 - CONTROL NUMBER
control field 36169
003 - CONTROL NUMBER IDENTIFIER
rucl marc code BD-RjUL
005 - DATE AND TIME OF LATEST TRANSACTION
control field 20211209052438.0
008 - FIXED-LENGTH DATA ELEMENTS--GENERAL INFORMATION
fixed length control field 140617s1991 ii b 001 0 eng
020 ## - INTERNATIONAL STANDARD BOOK NUMBER
International Standard Book Number 8170244188 :
035 ## - SYSTEM CONTROL NUMBER
System control number (BD-RjUL)36266
040 ## - CATALOGING SOURCE
Original cataloging agency DLC
Transcribing agency DLC
Modifying agency BD-RjUL
Language of cataloging eng
041 ## - LANGUAGE CODE
Language code of text/sound track or separate title eng
082 ## - DEWEY DECIMAL CLASSIFICATION NUMBER
Classification number 320.954
Author mark and year MUG 1991
100 0# - MAIN ENTRY--PERSONAL NAME
Personal name Shan Muhammad.
9 (RLIN) 73059
245 14 - TITLE STATEMENT
Title The Growth of Muslim politics in India, 1900-1919 /
Statement of responsibility, etc. Shan Muhammad.
260 ## - PUBLICATION, DISTRIBUTION, ETC. (IMPRINT)
Place of publication, distribution, etc. New Delhi :
Name of publisher, distributor, etc. Ashish Pub. House,
Date of publication, distribution, etc. 1991.
300 ## - PHYSICAL DESCRIPTION
Pagination x, 227 p. ;
Size 23 cm.
504 ## - BIBLIOGRAPHY, ETC. NOTE
Bibliography, etc Includes bibliographical references (p. [209]-218) & Includes index.
650 #0 - SUBJECT ADDED ENTRY--TOPICAL TERM
Topical term or geographic name as entry element Muslims
General subdivision Political activity
Geographic subdivision India.
9 (RLIN) 110075
651 #0 - SUBJECT ADDED ENTRY--GEOGRAPHIC NAME
Geographic name India
General subdivision Politics and government
Chronological subdivision 1857-1919.
9 (RLIN) 110076
942 ## - ADDED ENTRY ELEMENTS (KOHA)
Source of classification or shelving scheme Dewey Decimal Classification
Koha item type Books
Holdings
Lost status Source of classification or shelving scheme Damaged status Not for loan Collection code Permanent Location Current Location Shelving location Date acquired Source of acquisition Cost, normal purchase price Total Checkouts Full call number Date last seen Copy number Koha item type
  Dewey Decimal Classification     Non-fiction Central Library, University of Rajshahi Central Library, University of Rajshahi   13/08/1997 PARAGON ENTERPRISES 250.00   320.954 MUG 1991 17/06/2014 C-2 Books
  Dewey Decimal Classification   Not For Loan Non-fiction Central Library, University of Rajshahi Central Library, University of Rajshahi Reading Room 13/08/1997 Paragogn Enterprise, Dhaka 250.00   320.954 MUG 1991 12/12/2016 C-1 Books